<?xml version="1.0" encoding="UTF-8"?>
<collection xmlns="http://www.loc.gov/MARC21/slim">
 <record>
  <leader>00487nab a2200145 i 4500</leader>
  <controlfield tag="001">delm137517</controlfield>
  <controlfield tag="005">20200110114223.0</controlfield>
  <controlfield tag="008">200110s2007    hu      o     0||   hun d</controlfield>
  <datafield tag="040" ind1=" " ind2=" ">
   <subfield code="a">SZTE Délmagyarország Archívum</subfield>
   <subfield code="b">hun</subfield>
  </datafield>
  <datafield tag="041" ind1=" " ind2=" ">
   <subfield code="a">hun</subfield>
  </datafield>
  <datafield tag="245" ind1="0" ind2="2">
   <subfield code="a">A szegedi tévéstúdiót is átszervezik</subfield>
   <subfield code="h">[elektronikus dokumentum]</subfield>
  </datafield>
  <datafield tag="260" ind1=" " ind2=" ">
   <subfield code="c">2007-01-06</subfield>
  </datafield>
  <datafield tag="300" ind1=" " ind2=" ">
   <subfield code="a">4</subfield>
  </datafield>
  <datafield tag="490" ind1="0" ind2=" ">
   <subfield code="a">Délmagyarország</subfield>
   <subfield code="v">97 No. 5</subfield>
  </datafield>
  <datafield tag="695" ind1=" " ind2=" ">
   <subfield code="a">Szeged, Televízió körzeti stúdió Szeged, Magyar Televízió. Szegedi Körzeti Stúdió</subfield>
  </datafield>
 </record>
</collection>
